00532nam a2200157Ia 4500003000900000008004100009020002600050020002700076040001600103100002400119245004100143260003200184300002000216490003400236856010400270IN-BaIIA211028s9999 xx s 000 0 eng d a9781510634985 (Print) a9781510634992 (Online) cIIA Library aTuchin, Valery, ed. 0aTissue Optics and Photonicsh[eBook] aWashington, USAbSPIEc2020 aOnline resource aProceedings of SPIE; V. 11363 uhttps://www.spiedigitallibrary.org/conference-proceedings-of-spie/11363yClick Here to Access eBook